[Event "World Blitz Women 2017"]
[Site "Riyadh KSA"]
[Date "2017.12.29"]
[Round "3.36"]
[White "Guo, Qi"]
[Black "Fataliyeva, Ulviyya"]
[Result "1-0"]
[WhiteTitle "IM"]
[BlackTitle "WGM"]
[WhiteElo "2396"]
[BlackElo "2384"]
[WhiteFideId "8604002"]
[BlackFideId "13403052"]
[EventDate "2017.12.29"]

1. d4 e6 2. c4 Nf6 3. Nf3 d5 4. Bg5 h6 5. Bxf6 Qxf6 6. Nc3 Bb4 7. e3 O-O 8. Rc1
Nd7 9. Bd3 dxc4 10. Bxc4 c5 11. O-O Nb6 12. Ne4 Qe7 13. dxc5 Nxc4 14. Rxc4 Ba5
15. Qd6 Qxd6 16. Nxd6 Bc7 17. Nxc8 Raxc8 18. Rfc1 Bd8 19. b4 Be7 20. Nd4 Rfd8
21. b5 e5 22. Nb3 Rc7 23. g4 Rdc8 24. a4 a6 25. Kg2 axb5 26. axb5 Rd7 27. Na5
Kh7 28. c6 bxc6 29. Nxc6 Bf6 30. Rb1 Rdc7 31. Rcb4 Rb7 32. Kf3 Bh4 33. Nxe5 Be7
34. R4b3 Rc5 35. Nd3 Rd5 36. Nf4 Rc5 37. Ne2 Bf6 38. h3 g6 39. Rb4 Be7 40. R4b3
Bf6 41. Ng3 Be7 42. Ne4 Re5 43. Nc3 f5 44. Kg2 fxg4 45. hxg4 Bh4 46. Ne2 Rc5 47.
Rb4 Rc2 48. R1b2 Rc5 49. Nd4 Bf6 50. Rb1 Rd5 51. Nc6 h5 52. gxh5 Rg5+ 53. Kf3
gxh5 54. b6 Rc5 55. Nd4 Bd8 56. Ne6 Rd5 57. Nxd8 Rxd8 58. Rb5 Kg6 59. Rg1+ Kh6
60. Rgg5 Rf8+ 61. Ke2 Rf6 62. Rxh5+ Kg6 63. Rbg5+ Kf7 64. Rh7+ Ke8 65. Rg8+ 1-0

[Event "World Blitz Women 2017"]
[Site "Riyadh KSA"]
[Date "2017.12.29"]
[Round "3.37"]
[White "Nakhbayeva, Guliskhan"]
[Black "Harika, Dronavalli"]
[Result "0-1"]
[WhiteTitle "WGM"]
[BlackTitle "GM"]
[WhiteElo "2314"]
[BlackElo "2504"]
[WhiteFideId "13704788"]
[BlackFideId "5015197"]
[EventDate "2017.12.29"]

1. d4 d6 2. c4 g6 3. Nc3 Bg7 4. e4 Nf6 5. h3 O-O 6. Bg5 a6 7. Bd3 c6 8. Nf3 b5
9. a3 Bb7 10. O-O h6 11. Be3 Nfd7 12. Qd2 Kh7 13. Rad1 Qc7 14. cxb5 axb5 15. d5
Nc5 16. dxc6 Bxc6 17. Bxc5 dxc5 18. Nxb5 Qb7 19. Nc3 Rd8 20. Qc2 Nd7 21. Rfe1 e6
22. Nd2 Ne5 23. Bf1 Rab8 24. Rb1 Qe7 25. f4 Nd7 26. e5 Nb6 27. Nde4 Rd4 28. Qf2
Rbd8 29. Nd6 Nc8 30. Nce4 Bxe4 31. Nxe4 Qa7 32. Kh1 Ne7 33. Rbc1 Nf5 34. Nxc5
Rd2 35. Re2 Rxe2 36. Bxe2 Rd2 37. Kg1 Nd4 38. Ne4 Rxe2 39. Qf1 0-1

[Event "World Blitz Women 2017"]
[Site "Riyadh KSA"]
[Date "2017.12.29"]
[Round "3.38"]
[White "Papp, Petra"]
[Black "Ding, Yixin"]
[Result "0-1"]
[WhiteTitle "WGM"]
[BlackTitle "WGM"]
[WhiteElo "2313"]
[BlackElo "2424"]
[WhiteFideId "739049"]
[BlackFideId "8602972"]
[EventDate "2017.12.29"]

1. e4 g6 2. d4 Bg7 3. Nc3 c6 4. f4 d5 5. e5 h5 6. Nf3 Nh6 7. Be3 Bg4 8. h3 Bxf3
9. Qxf3 Nf5 10. Bf2 h4 11. Bd3 e6 12. O-O Nd7 13. Ne2 Qe7 14. Kh2 a6 15. Ng1 c5
16. c3 cxd4 17. cxd4 Nb8 18. Qe2 Nc6 19. Nf3 Bh6 20. Be3 Nxe3 21. Qxe3 Qd7 22.
Nxh4 Ne7 23. Nf3 Nf5 24. Bxf5 gxf5 25. Rac1 Kf8 26. Rc3 Kg7 27. Rfc1 Rac8 28.
Nh4 Rxc3 29. Rxc3 Kh7 30. Qf3 Rc8 31. g3 Rxc3 32. Qxc3 Qb5 33. Ng2 Bf8 34. g4
fxg4 35. hxg4 Qe2 36. Qh3+ Kg8 37. f5 Qxb2 38. Qe3 Qc2 39. Qg5+ Kh7 40. Qh5+ Kg8
41. Qg5+ Kh7 42. Qf6 Kg8 43. fxe6 Qh7+ 44. Nh4 Qc2+ 45. Kg3 Qd3+ 46. Nf3 fxe6
47. Qxe6+ Kh8 48. Qf7 Bb4 49. Qf6+ Kg8 50. Qg5+ Kh8 51. Qh5+ Kg7 52. Qg5+ Kh8
53. Qf6+ Kg8 54. Kh4 Qh7+ 55. Kg5 Be7 56. Nh4 Bxf6+ 57. exf6 Kf7 58. Nf3 Qg6+
59. Kh4 Qxf6+ 60. Kg3 Qb6 61. g5 Qb2 62. Kf4 Qxa2 63. Kf5 Qc2+ 64. Ke5 Qe4+ 0-1

[Event "World Blitz Women 2017"]
[Site "Riyadh KSA"]
[Date "2017.12.29"]
[Round "3.39"]
[White "Zawadzka, Jolanta"]
[Black "Zozulia, Anna"]
[Result "1-0"]
[WhiteTitle "WGM"]
[BlackTitle "IM"]
[WhiteElo "2424"]
[BlackElo "2316"]
[WhiteFideId "1122320"]
[BlackFideId "14102110"]
[EventDate "2017.12.29"]

1. e4 c5 2. Nf3 Nc6 3. d4 cxd4 4. Nxd4 e5 5. Nb5 d6 6. c4 Be6 7. N1c3 a6 8. Na3
Be7 9. Be2 Nf6 10. Be3 O-O 11. O-O Rc8 12. Nc2 Na5 13. b3 b5 14. Nd5 Nxd5 15.
cxd5 Bd7 16. Qd2 f5 17. f3 Nb7 18. Rac1 fxe4 19. fxe4 Nc5 20. Bf3 a5 21. Ne1 b4
22. Bxc5 dxc5 23. Rc2 Bb5 24. Be2 Bg5 25. Rxf8+ Kxf8 26. Qd1 Be3+ 27. Kh1 Bxe2
28. Qxe2 Bd4 29. Qg4 Rc7 30. Nf3 Rf7 31. h3 Kg8 32. Qe6 Qe7 33. Qxe7 Rxe7 34. g3
Kf8 35. Kg2 Ke8 36. Ne1 Rf7 37. Nd3 Rc7 38. Kf3 Ke7 39. Ke2 Kd6 40. Ne1 Rf7 41.
Nf3 g6 42. Rc1 a4 43. Rf1 axb3 44. axb3 Ra7 45. Kd3 Ra3 46. Kc4 Ra2 47. Ng5 Rc2+
48. Kb5 Rc3 49. Rf7 c4 50. bxc4 b3 51. Rb7 1-0

[Event "World Blitz Women 2017"]
[Site "Riyadh KSA"]
[Date "2017.12.29"]
[Round "3.40"]
[White "Cornette, Deimante"]
[Black "Bivol, Alina"]
[Result "0-1"]
[WhiteTitle "IM"]
[BlackTitle "WGM"]
[WhiteElo "2439"]
[BlackElo "2356"]
[WhiteFideId "12802859"]
[BlackFideId "4100123"]
[EventDate "2017.12.29"]

1. e4 e6 2. d4 d5 3. Nd2 a6 4. Ngf3 c5 5. exd5 exd5 6. dxc5 Bxc5 7. Nb3 Ba7 8.
Bg5 f6 9. Bf4 Ne7 10. Bd3 O-O 11. O-O Bf5 12. Re1 Nbc6 13. c3 Bxd3 14. Qxd3 Ng6
15. Bg3 f5 16. Be5 Ncxe5 17. Nxe5 Nxe5 18. Rxe5 Qh4 19. Qxd5+ Kh8 20. g3 Qg4 21.
Rae1 f4 22. Rg5 Qh3 23. Qg2 Qh6 24. Rge5 fxg3 25. hxg3 Bxf2+ 26. Qxf2 Rxf2 27.
Kxf2 Qb6+ 28. Kg2 Qc6+ 29. Kg1 h6 30. Nd4 Qb6 31. b3 Rf8 32. Kg2 Kh7 33. Re7 Qc5
34. Kh2 Qxc3 35. R1e4 Qd2+ 36. Re2 Qxd4 0-1

[Event "World Blitz Women 2017"]
[Site "Riyadh KSA"]
[Date "2017.12.29"]
[Round "3.41"]
[White "Gvetadze, Sofio"]
[Black "Assaubayeva, Bibisara"]
[Result "1/2-1/2"]
[WhiteTitle "IM"]
[BlackTitle "FM"]
[WhiteElo "2289"]
[BlackElo "2381"]
[WhiteFideId "13601440"]
[BlackFideId "13708694"]
[EventDate "2017.12.29"]

1. Nf3 Nf6 2. g3 g6 3. Bg2 Bg7 4. O-O O-O 5. d3 d6 6. e4 c5 7. Nc3 Nc6 8. h3 Bd7
9. Be3 a6 10. Qd2 Re8 11. Bh6 Bh8 12. Rae1 b5 13. e5 dxe5 14. Nxe5 Nxe5 15. Rxe5
Qc7 16. Re2 Bc6 17. Rfe1 Bxg2 18. Kxg2 Qc6+ 19. Kg1 e6 20. Qg5 b4 21. Ne4 Nxe4
22. dxe4 Bxb2 23. e5 Qf3 24. Qh4 Rad8 25. Re4 Qh5 26. Qxh5 gxh5 27. Rh4 Bc3 28.
Ree4 Rd4 29. Rxh5 f6 30. Rxd4 Bxd4 31. exf6 c4 32. Rh4 Bxf6 33. Rxc4 Bc3 34. Rc7
Rd8 35. a3 a5 36. axb4 axb4 37. Rc6 Kf7 38. Rc7+ Kg6 39. Be3 Rd1+ 40. Kg2 Ra1
41. Rc6 Kf7 42. Rc7+ Kg6 43. Rc6 Kf7 44. Bc5 Ra2 45. Rb6 Rxc2 46. Bxb4 Rxf2+ 47.
Kxf2 Bd4+ 48. Kf3 Bxb6 49. Ke4 Bc7 50. g4 Kg6 51. h4 Bg3 52. Be7 Kf7 53. Bg5 Kg6
54. Bd8 Kf7 55. Kf3 Bd6 56. g5 Kg6 57. Kg4 h5+ 58. gxh6 Kxh6 59. Kf3 Kh5 1/2-1/2

[Event "World Blitz Women 2017"]
[Site "Riyadh KSA"]
[Date "2017.12.29"]
[Round "3.42"]
[White "Danielian, Elina"]
[Black "Enkhtuul, Altan-Ulzii"]
[Result "1-0"]
[WhiteTitle "GM"]
[BlackTitle "WGM"]
[WhiteElo "2413"]
[BlackElo "2344"]
[WhiteFideId "13300210"]
[BlackFideId "4901444"]
[EventDate "2017.12.29"]

1. d4 Nf6 2. Bg5 Ne4 3. Bf4 d5 4. e3 e6 5. Nd2 Nxd2 6. Qxd2 Bd6 7. Bg3 h6 8. Bd3
c5 9. c3 Nc6 10. f4 Qb6 11. Nf3 Bd7 12. Ne5 cxd4 13. exd4 Nxd4 14. Nxd7 Kxd7 15.
Bf2 Rhe8 16. Bxd4 Qc7 17. Bb5+ Ke7 18. Bxe8 Rxe8 19. O-O Kf8 20. Rae1 b6 21. Kh1
Rc8 22. Qd3 Kg8 23. Qg3 Bf8 24. f5 Qd7 25. fxe6 fxe6 26. Qe5 Re8 27. Rf3 Bd6 28.
Qh5 Re7 29. Be5 Bc5 30. Qg6 b5 31. Ref1 Qd8 32. Rf7 Rxf7 33. Qxf7+ 1-0

[Event "World Blitz Women 2017"]
[Site "Riyadh KSA"]
[Date "2017.12.29"]
[Round "3.43"]
[White "Badelka, Olga"]
[Black "Li, Ruofan"]
[Result "1/2-1/2"]
[WhiteTitle "WIM"]
[BlackTitle "IM"]
[WhiteElo "2388"]
[BlackElo "2351"]
[WhiteFideId "13509926"]
[BlackFideId "8600643"]
[EventDate "2017.12.29"]

1. c4 e6 2. d4 Nf6 3. Nc3 Bb4 4. Qc2 d5 5. cxd5 exd5 6. Bg5 h6 7. Bh4 c5 8. dxc5
Be6 9. e3 Nbd7 10. Nf3 Rc8 11. a3 Bxc5 12. Be2 O-O 13. O-O a6 14. Rfd1 b5 15.
Qd2 Qb6 16. Nd4 Bxd4 17. exd4 Rfe8 18. Bf3 Qd6 19. Rac1 Bf5 20. Bg3 Qe6 21. Re1
Ne4 22. Bxe4 dxe4 23. d5 Qg6 24. d6 Nc5 25. Rcd1 Nd3 26. Re3 Rcd8 27. f3 exf3
28. Rxd3 Bxd3 29. Qxd3 Qxd3 30. Rxd3 fxg2 31. Kxg2 f6 32. Kf3 Kf7 33. Nd5 Rd7
34. Nb6 Rb7 35. Nd5 Rd8 36. Ke2 Re8+ 37. Kd2 Rd8 38. Nb4 Rb6 39. Nd5 Rb7 40. Nb4
Rb6 41. Re3 Rd7 42. Rd3 g5 43. Nd5 Rbb7 44. Nb4 f5 45. Nxa6 f4 46. Nc5 fxg3 47.
Nxb7 gxh2 48. Rh3 Rxb7 49. Rxh6 Rd7 50. Rxh2 Rxd6+ 51. Kc3 Rd5 52. b3 Rf5 53. a4
bxa4 54. bxa4 Kf6 55. Kb4 g4 56. a5 Kg5 57. a6 g3 58. Ra2 Rf8 59. Kb5 Kg4 60. a7
Ra8 61. Kb6 Kh3 62. Kb7 Rxa7+ 63. Kxa7 g2 64. Rxg2 1/2-1/2

[Event "World Blitz Women 2017"]
[Site "Riyadh KSA"]
[Date "2017.12.29"]
[Round "3.44"]
[White "Tokhirjonova, Gulrukhbegim"]
[Black "Huang, Qian"]
[Result "1-0"]
[WhiteTitle "WGM"]
[BlackTitle "WGM"]
[WhiteElo "2329"]
[BlackElo "2438"]
[WhiteFideId "14203626"]
[BlackFideId "8602689"]
[EventDate "2017.12.29"]

1. e4 d6 2. d4 g6 3. Nc3 Bg7 4. Nf3 Nd7 5. Be2 c6 6. a4 e5 7. O-O Ngf6 8. h3 O-O
9. Be3 a5 10. dxe5 dxe5 11. Qd2 Qc7 12. Rad1 Re8 13. Bc4 Nf8 14. Ng5 Ne6 15.
Nxe6 Bxe6 16. Bxe6 Rxe6 17. f3 Ree8 18. Qf2 Nh5 19. Rd2 Red8 20. Rxd8+ Qxd8 21.
Rd1 Qe8 22. Bb6 Nf4 23. Qd2 Ne6 24. Ne2 Bf8 25. Bxa5 Bc5+ 26. Kf1 Qe7 27. b4 Ba7
28. b5 Bc5 29. bxc6 bxc6 30. Nc1 Nf4 31. Nd3 Nxd3 32. cxd3 Qh4 33. Bb4 Bd4 34.
a5 Qg3 35. Bc3 Bc5 36. d4 exd4 37. Bxd4 Rd8 38. Qc3 Ba7 39. Rd2 Qf4 40. Be3 Qc7
41. Rxd8+ Qxd8 42. Bxa7 1-0

[Event "World Blitz Women 2017"]
[Site "Riyadh KSA"]
[Date "2017.12.29"]
[Round "3.45"]
[White "Albzoor, Anwar"]
[Black "Arakhamia-Grant, Ketevan"]
[Result "0-1"]
[WhiteTitle "WFM"]
[BlackTitle "GM"]
[WhiteElo "1595"]
[BlackElo "2350"]
[WhiteFideId "11500522"]
[BlackFideId "13600168"]
[EventDate "2017.12.29"]

1. Nf3 Nf6 2. c4 g6 3. Nc3 Bg7 4. g3 O-O 5. Bg2 d6 6. O-O e5 7. d3 Nc6 8. Bd2 h6
9. Rb1 Nh5 10. b4 f5 11. b5 Ne7 12. Qb3 Kh7 13. a4 Be6 14. Qc2 b6 15. Nh4 Rc8
16. Nd5 g5 17. Nf3 Ng6 18. a5 g4 19. Ne1 Nf6 20. Nxf6+ Qxf6 21. axb6 axb6 22.
Qa2 h5 23. Rc1 Kh8 24. Nc2 f4 0-1

[Event "World Blitz Women 2017"]
[Site "Riyadh KSA"]
[Date "2017.12.29"]
[Round "4.1"]
[White "Bodnaruk, Anastasia"]
[Black "Shuvalova, Polina"]
[Result "1-0"]
[WhiteTitle "IM"]
[BlackTitle "WIM"]
[WhiteElo "2428"]
[BlackElo "2385"]
[WhiteFideId "4181751"]
[BlackFideId "24171760"]
[EventDate "2017.12.29"]

1. e4 c6 2. d4 d5 3. e5 Bf5 4. Nf3 e6 5. Be2 Ne7 6. O-O Ng6 7. Be3 Nd7 8. Nbd2
f6 9. exf6 Qxf6 10. c4 Bd6 11. Re1 O-O 12. Nf1 Nf4 13. Bxf4 Bxf4 14. Ng3 Bg6 15.
Bd3 Rae8 16. Bxg6 Qxg6 17. Qb3 b6 18. Re2 Nf6 19. Ne5 Bxe5 20. dxe5 Nd7 21. cxd5
cxd5 22. Qa3 a5 23. Qe3 Rc8 24. f4 Rfe8 25. Rf1 Qg4 26. b3 Rc6 27. Qd4 Rec8 28.
Qd2 Re8 29. f5 Nc5 30. Rf4 Qg5 31. Ref2 exf5 32. Qxd5+ Rce6 33. Rxf5 Qc1+ 34.
Rf1 Qe3+ 35. Kh1 h6 36. Rf7 Qxe5 37. Qf3 Rg6 38. Nh5 Qg5 39. Rf8+ Rxf8 40. Qxf8+
Kh7 41. Qf3 Ne6 42. Ng3 Rf6 43. Qe4+ Kg8 44. Rd1 Qc5 45. Qd3 Nf4 46. Qd8+ Kh7
47. Ne4 Qf5 48. Nxf6+ gxf6 49. Rd7+ Kg6 50. Qe8+ Kg5 51. Rd1 Qg4 52. Rd2 Qh4 1-0

[Event "World Blitz Women 2017"]
[Site "Riyadh KSA"]
[Date "2017.12.29"]
[Round "4.2"]
[White "Voit, Daria"]
[Black "Javakhishvili, Lela"]
[Result "1-0"]
[WhiteTitle "FM"]
[BlackTitle "IM"]
[WhiteElo "2390"]
[BlackElo "2449"]
[WhiteFideId "4182146"]
[BlackFideId "13601458"]
[EventDate "2017.12.29"]

1. d4 d6 2. Nf3 Nf6 3. c4 g6 4. Nc3 Bf5 5. Qb3 b6 6. h3 Bg7 7. g4 Bd7 8. Bg2 c5
9. dxc5 bxc5 10. Ne5 dxe5 11. Bxa8 Nc6 12. Bxc6 Bxc6 13. O-O Qc8 14. Nd5 h5 15.
g5 Ne4 16. Qf3 Nd6 17. Qe3 Bb7 18. b3 Nf5 19. Qd2 Nd4 20. Kh2 e4 21. Bb2 Be5+
22. Kg2 e6 23. Ne3 Qd8 24. h4 Bf4 25. Rad1 e5 26. Qe1 Qc8 27. Rh1 O-O 28. Kf1 f6
29. gxf6 Rxf6 30. Ng2 Bg3 31. e3 Rxf2+ 32. Qxf2 Bxf2 33. Kxf2 Qf5+ 34. Ke1 Nc2+
35. Kd2 Qf2+ 36. Kc1 Qxg2 37. Rhg1 Qh2 38. Rh1 Qe2 39. Rhg1 Nxe3 40. Rd2 Qf3 41.
Bxe5 Bc6 42. Rxg6+ Kh7 43. Rxc6 Qf1+ 44. Kb2 Qf5 45. Rc7+ Kg8 46. Rd8+ 1-0

[Event "World Blitz Women 2017"]
[Site "Riyadh KSA"]
[Date "2017.12.29"]
[Round "4.3"]
[White "Lagno, Kateryna"]
[Black "Gaponenko, Inna"]
[Result "1-0"]
[WhiteTitle "GM"]
[BlackTitle "IM"]
[WhiteElo "2547"]
[BlackElo "2435"]
[WhiteFideId "14109336"]
[BlackFideId "14101181"]
[EventDate "2017.12.29"]

1. e4 c5 2. Nf3 g6 3. d4 cxd4 4. Qxd4 Nf6 5. Nc3 Nc6 6. Qa4 d6 7. e5 dxe5 8.
Nxe5 Bd7 9. Nxd7 Qxd7 10. Be2 Bg7 11. Be3 O-O 12. O-O Rfd8 13. Rad1 Qe8 14. Nb5
Rxd1 15. Rxd1 Rd8 16. Rxd8 Qxd8 17. Nxa7 Nxa7 18. Qxa7 Nd5 19. c3 Nxe3 20. Qxe3
e6 21. g3 Qa5 22. a3 Bf8 23. Bf3 b6 24. h4 Qb5 25. Qd2 h5 26. Kg2 Bc5 27. b4 Bf8
28. Qc2 Qc4 29. Be2 Qc6+ 30. Kg1 Bg7 31. c4 Bd4 32. Qd3 e5 33. Bf3 Qa4 34. Bd5
Kg7 35. Qf3 f5 36. Be6 e4 37. Qf4 Kf6 38. Bd5 Qxa3 39. Qd6+ Kg7 40. Qc7+ Kh6 41.
Bg8 Qc1+ 42. Kg2 Bg7 43. Qxb6 f4 44. Bf7 1-0

[Event "World Blitz Women 2017"]
[Site "Riyadh KSA"]
[Date "2017.12.29"]
[Round "4.4"]
[White "Atalik, Ekaterina"]
[Black "Tan, Zhongyi"]
[Result "0-1"]
[WhiteTitle "IM"]
[BlackTitle "GM"]
[WhiteElo "2451"]
[BlackElo "2517"]
[WhiteFideId "4130189"]
[BlackFideId "8603642"]
[EventDate "2017.12.29"]

1. d4 Nf6 2. Nf3 e6 3. c4 Bb4+ 4. Nbd2 d5 5. e3 O-O 6. Bd3 dxc4 7. Bxc4 c5 8.
O-O cxd4 9. Nxd4 e5 10. N4f3 Nc6 11. Nb3 Qxd1 12. Rxd1 Bg4 13. h3 Bxf3 14. gxf3
Rfd8 15. Bd2 Bxd2 16. Nxd2 Kf8 17. Kf1 Ke7 18. Ke2 Rac8 19. Rac1 Na5 20. Bd3 Nd5
21. a3 g6 22. Be4 Nc6 23. Nc4 Ke6 24. Bxd5+ Rxd5 25. Rxd5 Kxd5 26. Kd2 Ke6 27.
b4 Rd8+ 28. Ke2 Ne7 29. Na5 b6 30. Nb3 Rc8 31. Rxc8 Nxc8 32. Kd3 Nd6 33. a4 g5
34. a5 Kd5 35. e4+ Kc6 36. axb6 axb6 37. Nd2 Kb5 38. Kc3 Ka4 39. Nf1 Nb5+ 40.
Kc4 Nd4 41. Nd2 f6 42. Nb1 b5+ 43. Kc5 Kb3 44. Nd2+ Kc2 45. Nf1 Kd3 46. Ne3 Ke2
47. Nf5 Nxf5 48. exf5 Kxf2 49. Kxb5 Kxf3 50. Kc6 e4 51. b5 e3 52. b6 e2 53. b7
e1=Q 54. b8=Q Qe4+ 55. Kd7 Qxf5+ 56. Kc6 Qe4+ 57. Kd7 Qd5+ 0-1

[Event "World Blitz Women 2017"]
[Site "Riyadh KSA"]
[Date "2017.12.29"]
[Round "4.5"]
[White "Zhu, Chen"]
[Black "Lei, Tingjie"]
[Result "0-1"]
[WhiteTitle "GM"]
[BlackTitle "GM"]
[WhiteElo "2423"]
[BlackElo "2528"]
[WhiteFideId "8600546"]
[BlackFideId "8605114"]
[EventDate "2017.12.29"]

1. e4 c6 2. d4 d5 3. e5 Bf5 4. Nd2 e6 5. Nb3 Nd7 6. Nf3 Qc7 7. Be2 c5 8. Bf4 c4
9. Nc1 h6 10. O-O Ne7 11. b3 cxb3 12. cxb3 Nc6 13. Bd3 Bg4 14. Be3 Bb4 15. Be2
Bc3 16. Rb1 Qb6 17. Qc2 Bxd4 18. Nxd4 Nxd4 19. Bxd4 Qxd4 20. Bxg4 Qxg4 21. Nd3
O-O 22. Qc7 Rfd8 23. Qxb7 Qf5 24. Rfd1 Nxe5 25. Nxe5 Qxe5 26. Rbc1 Rab8 27. Qxa7
Ra8 28. Qe7 Re8 29. Qd7 Qb2 30. Rc7 Rf8 31. Ra7 Rxa7 32. Qxa7 Rc8 33. h3 Qe2 34.
Rf1 Rc2 35. a4 Qd3 36. Qb8+ Kh7 37. a5 Rb2 38. b4 Qc4 39. Qb7 Kg6 40. a6 Rxb4
41. Qa8 Ra4 42. a7 Qc5 43. Qb8 Rxa7 44. Qb1+ f5 45. Re1 Kf6 46. Qb2+ d4 47. f4
Kf7 48. Kh1 Qd5 49. Rd1 Ra2 0-1

[Event "World Blitz Women 2017"]
[Site "Riyadh KSA"]
[Date "2017.12.29"]
[Round "4.6"]
[White "Charochkina, Daria"]
[Black "Dzagnidze, Nana"]
[Result "0-1"]
[WhiteTitle "IM"]
[BlackTitle "GM"]
[WhiteElo "2317"]
[BlackElo "2522"]
[WhiteFideId "4180917"]
[BlackFideId "13601903"]
[EventDate "2017.12.29"]

1. d4 Nf6 2. c4 e6 3. Nc3 Bb4 4. Qc2 O-O 5. a3 Bxc3+ 6. Qxc3 b6 7. Bg5 Bb7 8.
Nf3 d6 9. e3 Nbd7 10. Nd2 c5 11. Be2 Rc8 12. O-O h6 13. Bh4 d5 14. dxc5 Rxc5 15.
b4 Rc8 16. Qb3 dxc4 17. Nxc4 Bd5 18. e4 Bxe4 19. Nd6 Bc2 20. Qb2 Rc6 21. Nb5 Be4
22. Nd4 Rd6 23. Nb5 Rc6 24. Rac1 Qa8 25. f3 Bd5 26. Nc7 Qb7 27. Nxd5 Nxd5 28.
Bb5 Rcc8 29. Qd2 a6 30. Bd3 N7f6 31. Bb1 b5 32. Qd3 Rfd8 33. Rxc8 Rxc8 34. Rd1
Qc6 35. h3 Qb6+ 36. Kh1 Qc7 37. Qd4 Qc4 38. Qf2 Qf4 39. Bg3 Qe3 40. Qf1 Qb6 41.
Bf2 Qc7 42. Re1 Nh5 43. Kg1 Nhf4 44. Be4 Qc3 45. Bg3 Qxa3 46. Qf2 Qxb4 47. Bb1
Qc5 48. Qxc5 Rxc5 49. Bf2 Rc6 50. Bd4 Kf8 51. Kf2 Ng6 52. Be4 Nge7 53. g4 b4 54.
Ra1 f6 55. Ra5 Rc4 56. Bc5 Kf7 57. Ba7 b3 58. Ra3 Rb4 59. Bc5 Rb5 60. Bd4 b2 61.
Bb1 Nc6 62. Be3 Nxe3 63. Kxe3 Ne5 64. Kd4 a5 65. f4 Ng6 66. f5 exf5 67. gxf5 Ne5
68. Kc3 Ke7 69. Ra4 Kd6 70. Rd4+ Ke7 71. Rd1 Rb4 72. Rg1 Kf8 73. Rd1 Rh4 74.
Rd8+ Ke7 75. Ra8 Rxh3+ 76. Kxb2 h5 77. Ba2 Kd6 78. Rxa5 Rf3 79. Be6 h4 80. Ra4
h3 81. Rh4 Nd3+ 82. Kc2 Nf4 83. Bc8 Ke5 84. Kd2 Rg3 85. Ke1 Rg1+ 86. Kf2 Rg2+
87. Kf1 Rb2 88. Rh8 Ke4 89. Re8+ Kf3 90. Rd8 Rb1+ 0-1

[Event "World Blitz Women 2017"]
[Site "Riyadh KSA"]
[Date "2017.12.29"]
[Round "4.7"]
[White "Savina, Anastasia"]
[Black "Goryachkina, Aleksandra"]
[Result "0-1"]
[WhiteTitle "IM"]
[BlackTitle "WGM"]
[WhiteElo "2350"]
[BlackElo "2486"]
[WhiteFideId "4196872"]
[BlackFideId "4147103"]
[EventDate "2017.12.29"]

1. Nf3 d5 2. d4 Nc6 3. g3 Bf5 4. Bg2 Nb4 5. Na3 e6 6. O-O Nf6 7. c3 Nc6 8. c4
Bxa3 9. bxa3 O-O 10. Nh4 Be4 11. f3 Bg6 12. Nxg6 hxg6 13. c5 e5 14. dxe5 Nxe5
15. Rb1 Qe7 16. Qd4 Ned7 17. Be3 Rfe8 18. Bf2 b6 19. c6 Nc5 20. Rb2 Rad8 21. Rc1
Ne6 22. Qb4 d4 23. a4 a5 24. Qb5 Nd5 25. Rbc2 Nc3 26. Qb2 Nc5 27. Bxd4 Nxe2+ 28.
Rxe2 Qxe2 0-1

[Event "World Blitz Women 2017"]
[Site "Riyadh KSA"]
[Date "2017.12.29"]
[Round "4.8"]
[White "Hoang, Thanh Trang"]
[Black "Batchimeg, Tuvshintugs"]
[Result "1/2-1/2"]
[WhiteTitle "GM"]
[BlackTitle "IM"]
[WhiteElo "2439"]
[BlackElo "2398"]
[WhiteFideId "12400149"]
[BlackFideId "4900839"]
[EventDate "2017.12.29"]

1. d4 Nf6 2. Bf4 d6 3. e3 g6 4. Nf3 Bg7 5. Be2 O-O 6. O-O b6 7. h3 Bb7 8. a4 a6
9. Nbd2 Nbd7 10. Bh2 Qc8 11. a5 Ne4 12. axb6 cxb6 13. c4 Nxd2 14. Qxd2 Be4 15.
Rfc1 Qb7 16. b4 Rfc8 17. Ne1 d5 18. c5 b5 19. Ra3 Nb8 20. Rca1 Nc6 21. Nd3 Bxd3
22. Bxd3 e5 23. dxe5 Bxe5 24. Bxe5 Nxe5 25. Qc3 Nc4 26. R3a2 a5 27. bxa5 b4 28.
Qb3 Rxc5 29. a6 Qb6 30. Ra4 Rb5 31. Bxc4 dxc4 32. Qxc4 b3 33. Rb1 b2 34. Ra2 Ra7
35. Qc8+ Kg7 36. Qc3+ Qf6 37. Qxf6+ Kxf6 38. Raxb2 Rxb2 39. Rxb2 Rxa6 40. Rb7
Ra2 41. f3 h5 42. h4 Kg7 43. Kh2 Re2 44. Re7 Kf6 45. Re4 Kf5 46. Kg3 Kf6 47. Re8
Kg7 48. f4 Kf6 49. Kf3 Rc2 50. Ra8 Rc3 51. Ra6+ Kg7 52. Rb6 Ra3 53. f5 gxf5 54.
Kf4 Ra2 55. g3 Rf2+ 56. Kg5 Rf3 57. Kxh5 Rxg3 58. Rb5 Rxe3 59. Rxf5 1/2-1/2

[Event "World Blitz Women 2017"]
[Site "Riyadh KSA"]
[Date "2017.12.29"]
[Round "4.9"]
[White "Gunina, Valentina"]
[Black "Pham, Le Thao Nguyen"]
[Result "1-0"]
[WhiteTitle "GM"]
[BlackTitle "IM"]
[WhiteElo "2510"]
[BlackElo "2354"]
[WhiteFideId "4167570"]
[BlackFideId "12401226"]
[EventDate "2017.12.29"]

1. e4 c5 2. Nf3 e6 3. d4 cxd4 4. Nxd4 a6 5. c4 Qc7 6. Nc3 Nf6 7. Be2 b6 8. O-O
Bb7 9. f3 Be7 10. Be3 d6 11. Rc1 Nbd7 12. Qd2 O-O 13. Rfd1 Rac8 14. b3 Qb8 15.
Bf1 Bd8 16. Qf2 Bc7 17. Qh4 Ne5 18. Qf2 Ng6 19. Nde2 d5 20. cxd5 Bxh2+ 21. Kh1
Bc7 22. dxe6 b5 23. exf7+ Rxf7 24. Bg5 Nxe4 25. Nxe4 Bxe4 26. Nd4 Ba8 27. a4
Rcf8 28. axb5 Bg3 29. Qe3 Re8 30. Qd2 Qe5 31. Nc6 Bxc6 32. bxc6 Nf4 33. Qd8 Rxd8
34. Rxd8+ Rf8 35. Bc4+ Ne6 36. c7 Kf7 37. Rxf8+ 1-0

[Event "World Blitz Women 2017"]
[Site "Riyadh KSA"]
[Date "2017.12.29"]
[Round "4.11"]
[White "Paehtz, Elisabeth"]
[Black "Fierro Baquero, Martha L."]
[Result "1-0"]
[WhiteTitle "IM"]
[BlackTitle "IM"]
[WhiteElo "2464"]
[BlackElo "2369"]
[WhiteFideId "4641833"]
[BlackFideId "3600270"]
[EventDate "2017.12.29"]

1. e4 g6 2. d4 Bg7 3. Nc3 c6 4. Nf3 d6 5. Be3 Nf6 6. Qd2 Qa5 7. Bd3 Ng4 8. Bg5
Nf6 9. Bh6 O-O 10. Bxg7 Kxg7 11. O-O-O b5 12. Kb1 Be6 13. Ng5 Bc4 14. e5 Nd5 15.
Bxc4 Nxc3+ 16. Qxc3 Qxc3 17. bxc3 bxc4 18. exd6 exd6 19. Rhe1 h6 20. Ne4 Rd8 21.
d5 cxd5 22. Rxd5 Nc6 23. Rxd6 Rab8+ 24. Kc1 Rdc8 25. Rd7 Rb6 26. Rxf7+ Kxf7 27.
Nd6+ Kf6 28. Nxc8 Ra6 29. Kb2 Ne5 30. f4 Ng4 31. h3 Nf2 32. Ne7 Rb6+ 33. Kc1 Rd6
34. Re2 Nh1 35. g4 Ng3 36. Re1 g5 37. f5 h5 38. Ng6 hxg4 39. hxg4 Ra6 40. Ne5
Rxa2 41. Nd7+ Kf7 42. Ne5+ 1-0